Statistics for 5 Country Border Chains

Click here to take the quiz!

General Stats

  • This quiz has been taken 170 times
  • The average score is 22 of 30

Answer Stats

HintAnswer% Correct
Spain-South KoreaFrance
100%
Spain-South KoreaGermany
96%
Spain-South KoreaPoland
94%
Spain-South KoreaRussia
92%
Spain-South KoreaNorth Korea
89%
Sweden-AlbaniaFinland/Norway
83%
Sweden-AlbaniaRussia
81%
Zimbabwe-TunisiaD. R. Congo
76%
Zimbabwe-TunisiaLibya
76%
Zimbabwe-TunisiaZambia
76%
Zimbabwe-TunisiaChad
74%
Turkey-KenyaSyria
74%
Zimbabwe-TunisiaCentral African Republic
73%
Costa Rica-SloveniaPanama
73%
Turkmenistan-IndonesiaMalaysia
72%
Turkmenistan-IndonesiaThailand
72%
Turkmenistan-IndonesiaAfghanistan
71%
Turkmenistan-IndonesiaChina
71%
Costa Rica-SloveniaColombia
71%
Turkey-KenyaEgypt
71%
Turkmenistan-IndonesiaLaos/Myanmar
71%
Turkey-KenyaSudan
71%
Turkey-KenyaIsrael
70%
Turkey-KenyaEthiopia
68%
Costa Rica-SloveniaBrazil
67%
Costa Rica-SloveniaFrance
67%
Sweden-AlbaniaGreece
65%
Costa Rica-SloveniaItaly
64%
Sweden-AlbaniaTurkey
61%
Sweden-AlbaniaGeorgia/Azerbaijan
59%

Score Distribution

Percentile by Number Answered

Percent of People with Each Score

Your Score History

You have not taken this quiz